Koaličná rada po mesiaci opäť "riešila" problémy v silnej štvorke sa vzťahy sľubmi nezreálnia

Podrobná bibliografia
Hlavný autor: Blaha, Milan, 1945-2020 (Autor)
Médium: Článok
Jazyk:slovenčina
Fyzický popis:Fotogr.
ISSN:1335-4698
Predmet:

MARC

LEADER 00000nab a2200000 a 4500
001 vtls000739794
003 SK-MaSNL
005 20260302193436.0
008 180206c2000 xo 0 slo
015 |a SNBRB2000/12-29358 
035 |a CLN000091646 
040 |a SNKBUCL  |b slo  |c SNKBUCL  |e AACR2 
041 0 |a slo 
044 |a xo  |c SK 
080 |a 329.051(437.6)  |2 UDC-MRF-SK2 
080 |a 328.132(437.6)  |2 UDC-MRF-SK2 
100 1 |a Blaha, Milan,  |d 1945-2020  |4 aut  |9 53151 
245 1 0 |a Koaličná rada po mesiaci opäť "riešila" problémy  |b v silnej štvorke sa vzťahy sľubmi nezreálnia  |c Milan Blaha 
300 |b Fotogr. 
610 7 |a Koaličná rada (Slovensko)  |x zasadanie  |y 14.11.2000  |2 snkbucl  |9 911901 
655 7 |a články z novín a časopisov  |2 snkbucl  |9 267496 
773 0 |x 1335-4698  |t Slovenská republika  |g Roč. 8, č. 263 (15.11.2000), s. 2 
850 |a Slovenská národná knižnica v Martine 
852 |a SNK  |b KIS3GCP 
958 |a RBX 
999 |c 1444515  |d 1446445